[Event "NZL-ch Rapid 131st"]
[Site "Palmerston North"]
[Date "2024.01.11"]
[Round "3.3"]
[White "Qin, Oscar Shu Xuan"]
[Black "Ker, Anthony F"]
[Result "0-1"]
[WhiteElo "1880"]
[BlackElo "2249"]
[PlyCount "122"]
[EventDate "2024.01.11"]
[EventType "swiss (rapid)"]
[EventRounds "9"]
[EventCountry "NZL"]
[SourceTitle "CB03_2024"]
[SourceDate "2024.01.17"]
[SourceVersion "1"]
[SourceVersionDate "2024.01.17"]
[SourceQuality "1"]

1. e4 c5 2. Nf3 g6 3. d4 cxd4 4. Nxd4 Nc6 5. c4 Nf6 6. Nc3 d6 7. f3 Nxd4 8. Qxd4 Bg7 9. Be3 0-0 10. Qd2 a5 11. Be2 a4 12. 0-0 Qa5 13. Rab1 Be6 14. b4 axb3 15. axb3 Rfc8 16. Rfc1 Nd7 17. Na4 Qxd2 18. Bxd2 Bd4+ 19. Kf1 Nc5 20. Nb6 Nxe4 21. Bb4 Bxb6 22. fxe4 Ra2 23. Bc3 Be3 24. Rd1 Rca8 25. Bb2 Bh6 26. Ra1 Bg7 27. Bxg7 Kxg7 28. Rxa2 Rxa2 29. Rb1 Kf6 30. Bf3 Ke5 31. Rd1 Rb2 32. Rd3 g5 33. h3 b6 34. Kg1 f6 35. Kh2 Bf7 36. Kg3 h5 37. Kh2 h4 38. Kg1 Kf4 39. e5 fxe5 40. Bc6 e4 41. Rd1 Bg6 42. Kh2 Rxb3 43. Bd5 Rb2 44. Rf1+ Ke5 45. Rf8 e3 46. Rg8 e2 47. Rxg6 b5 48. Re6+ Kd4 49. Bf3 bxc4 50. Bxe2 c3 51. Bd1 Rb7 52. Bc2 d5 53. Kg1 Rb2 54. Re2 Rxc2 55. Rxc2 Kd3 56. Ra2 c2 57. Ra1 Kd2 58. Ra2 d4 59. Kf2 Kd1 60. Ra4 d3 61. Ra3 d2 0-1

[Event "Bob Wade mem Challengers 1"]
[Site "Howick"]
[Date "2023.01.18"]
[Round "7"]
[White "Qin, Oscar Shu Xuan"]
[Black "Punsalan, Vyanla M"]
[Result "1/2-1/2"]
[WhiteElo "1795"]
[BlackElo "1989"]
[PlyCount "37"]
[EventDate "2023.01.14"]
[EventType "tourn"]
[EventRounds "9"]
[EventCountry "NZL"]
[SourceTitle "EXT 2024"]
[Source "ChessBase"]
[SourceDate "2023.10.10"]
[SourceVersion "1"]
[SourceVersionDate "2023.10.10"]
[SourceQuality "1"]

1. e4 c6 2. d4 d5 3. e5 Bf5 4. Nf3 e6 5. Be2 c5 6. 0-0 Nc6 7. c3 Rc8 8. a3 a6 9. Be3 Qb6 10. b4 c4 11. Nh4 Nge7 12. g4 Be4 13. Nd2 Ng6 14. Nxg6 Bxg6 15. f4 f5 16. g5 h6 17. h4 hxg5 18. hxg5 Kf7 19. Kg2 1/2-1/2

[Event "Bob Wade mem Challengers 1"]
[Site "Howick"]
[Date "2023.01.17"]
[Round "5"]
[White "Qin, Oscar Shu Xuan"]
[Black "Cilia Vincenti, David"]
[Result "1-0"]
[WhiteElo "1795"]
[BlackElo "1965"]
[PlyCount "57"]
[EventDate "2023.01.14"]
[EventType "tourn"]
[EventRounds "9"]
[EventCountry "NZL"]
[SourceTitle "EXT 2024"]
[Source "ChessBase"]
[SourceDate "2023.10.10"]
[SourceVersion "1"]
[SourceVersionDate "2023.10.10"]
[SourceQuality "1"]

1. e4 c5 2. Nf3 e6 3. d4 cxd4 4. Nxd4 Nf6 5. Nc3 Nc6 6. Ndb5 d6 7. Bf4 e5 8. Bg5 a6 9. Na3 b5 10. Nd5 Be7 11. Bxf6 Bxf6 12. c3 Bg5 13. Nc2 Rb8 14. Nce3 0-0 15. Be2 Be6 16. 0-0 a5 17. Qd3 b4 18. Rfd1 Qd7 19. Nc4 Rfd8 20. Qg3 Be7 21. Rd2 bxc3 22. bxc3 f5 23. exf5 Bxf5 24. Rad1 Rb1 25. Ncb6 Rxd1+ 26. Rxd1 Qa7 27. Bb5 Nb8 28. Qe3 Be6 29. Nc8 1-0

[Event "Bob Wade mem Challengers 1"]
[Site "Howick"]
[Date "2023.01.16"]
[Round "4"]
[White "Forster, William"]
[Black "Qin, Oscar Shu Xuan"]
[Result "0-1"]
[WhiteElo "1799"]
[BlackElo "1795"]
[PlyCount "66"]
[EventDate "2023.01.14"]
[EventType "tourn"]
[EventRounds "9"]
[EventCountry "NZL"]
[SourceTitle "EXT 2024"]
[Source "ChessBase"]
[SourceDate "2023.10.10"]
[SourceVersion "1"]
[SourceVersionDate "2023.10.10"]
[SourceQuality "1"]

1. Nf3 Nf6 2. c4 g6 3. g3 Bg7 4. Bg2 0-0 5. 0-0 d6 6. Nc3 a6 7. Rb1 e5 8. d3 Nc6 9. Bg5 h6 10. Bxf6 Qxf6 11. Nd2 Rb8 12. b4 Bd7 13. e3 Qd8 14. Qb3 b5 15. a3 Ne7 16. Rfc1 c6 17. Qd1 f5 18. Ne2 g5 19. f4 Qe8 20. cxb5 axb5 21. a4 bxa4 22. Qxa4 d5 23. Rc5 exf4 24. gxf4 Ng6 25. Nf1 gxf4 26. b5 cxb5 27. Bxd5+ Kh8 28. Qa7 Be5 29. Qa6 fxe3 30. Re1 Rf6 31. Qa2 f4 32. d4 Bd6 33. Rc2 f3 0-1

[Event "NZL-ch op-A 130th"]
[Site "Wellington"]
[Date "2023.01.08"]
[Round "7"]
[White "Davis, Johnathan"]
[Black "Qin, Oscar Shu Xuan"]
[Result "0-1"]
[WhiteElo "1940"]
[BlackElo "1964"]
[PlyCount "46"]
[EventDate "2023.01.02"]
[EventType "swiss"]
[EventRounds "9"]
[EventCountry "NZL"]
[SourceTitle "EXT 2024"]
[Source "ChessBase"]
[SourceDate "2023.10.10"]
[SourceVersion "1"]
[SourceVersionDate "2023.10.10"]
[SourceQuality "1"]

1. e4 d6 2. d4 Nf6 3. Nc3 g6 4. f4 Bg7 5. Nf3 0-0 6. Be2 c5 7. 0-0 Nc6 8. d5 Na5 9. Rb1 a6 10. a4 b6 11. h3 e6 12. g4 exd5 13. exd5 Re8 14. Nh2 Ne4 15. Nxe4 Rxe4 16. c3 Bd7 17. b4 Nb7 18. Bd3 Re8 19. Qc2 a5 20. b5 c4 21. Bxc4 Rc8 22. Bb3 Rxc3 23. Qg2 Nc5 0-1

[Event "Henderson Trusts op-A 44th"]
[Site "Henderson"]
[Date "2022.06.05"]
[Round "3"]
[White "Krstev, Antonio"]
[Black "Qin, Oscar Shu Xuan"]
[Result "1/2-1/2"]
[WhiteElo "1867"]
[BlackElo "1791"]
[PlyCount "67"]
[EventDate "2022.06.04"]
[EventType "swiss"]
[EventRounds "6"]
[EventCountry "NZL"]
[SourceTitle "EXT 2024"]
[Source "ChessBase"]
[SourceDate "2023.10.10"]
[SourceVersion "1"]
[SourceVersionDate "2023.10.10"]
[SourceQuality "1"]

1. d4 Nf6 2. c4 d6 3. Nc3 g6 4. e4 Bg7 5. f3 0-0 6. Be3 c5 7. Nge2 Nc6 8. Qd2 Qa5 9. 0-0-0 cxd4 10. Nxd4 Nxd4 11. Bxd4 Be6 12. Kb1 Qd8 13. g4 Nd7 14. Bxg7 Kxg7 15. Qd4+ f6 16. h4 Ne5 17. Be2 Qc7 18. Nd5 Qd7 19. b3 b6 20. Rh2 Rac8 21. g5 Bxd5 22. exd5 Qf5+ 23. Kb2 fxg5 24. hxg5 Qxg5 25. Rdh1 Rf4 26. Rxh7+ Kf6 27. Qe3 Qf5 28. Ka3 Nf7 29. Rxf7+ Kxf7 30. Rh7+ Kg8 31. Rxe7 Qf6 32. Re6 Qf7 33. Re7 Qf6 34. Re6 1/2-1/2

[Event "Henderson Trusts op-A 43rd"]
[Site "Henderson"]
[Date "2021.06.06"]
[Round "4"]
[White "Qin, Oscar Shu Xuan"]
[Black "Thornton, Giovanni Antonio"]
[Result "1/2-1/2"]
[WhiteElo "1769"]
[BlackElo "2064"]
[PlyCount "107"]
[EventDate "2021.06.05"]
[EventType "swiss"]
[EventRounds "6"]
[EventCountry "NZL"]
[SourceTitle "EXT 2024"]
[Source "ChessBase"]
[SourceDate "2023.10.10"]
[SourceVersion "1"]
[SourceVersionDate "2023.10.10"]
[SourceQuality "1"]

1. e4 e6 2. d4 d5 3. Nd2 Nf6 4. e5 Nfd7 5. Bd3 c5 6. c3 Nc6 7. Ne2 cxd4 8. cxd4 f6 9. exf6 Nxf6 10. Nf3 Bd6 11. 0-0 Qc7 12. h3 0-0 13. Bd2 Bd7 14. Bc3 Rae8 15. Rc1 g6 16. Qc2 Bc8 17. a3 Qg7 18. b4 Nh5 19. b5 Ne7 20. Ne5 Nf4 21. Nxf4 Rxf4 22. Qd2 Ref8 23. g3 Bxe5 24. dxe5 R4f7 25. Qe3 Rf3 26. Qe2 Qh6 27. Kg2 Rxf2+ 28. Rxf2 Rxf2+ 29. Qxf2 Qxc1 30. Bb4 Nf5 31. g4 Qe3 32. gxf5 Qxd3 33. fxe6 Qe4+ 34. Kg1 Qf5 35. Qxf5 gxf5 36. e7 Bd7 37. a4 Kf7 38. Kf2 Ke6 39. Bd6 d4 40. Kf3 a6 41. bxa6 bxa6 42. a5 Kf7 43. h4 d3 44. Bb4 Ke6 45. Kf4 Be8 46. Bc3 Bb5 47. Bb4 Bd7 48. Ke3 Kxe5 49. Kxd3 Kf4 50. Kd4 Kg4 51. Be1 Kh5 52. Ke5 Kg6 53. Bb4 Kf7 54. Bc5 1/2-1/2

[Event "North Island-ch"]
[Site "Wellington"]
[Date "2021.04.05"]
[Round "8"]
[White "Suazo, Benedict"]
[Black "Qin, Oscar Shu Xuan"]
[Result "1-0"]
[WhiteElo "1839"]
[BlackElo "1670"]
[PlyCount "96"]
[EventDate "2021.04.02"]
[EventType "swiss"]
[EventRounds "8"]
[EventCountry "NZL"]
[SourceTitle "EXT 2024"]
[Source "ChessBase"]
[SourceDate "2023.10.10"]
[SourceVersion "1"]
[SourceVersionDate "2023.10.10"]
[SourceQuality "1"]

1. d4 Nf6 2. Bf4 g6 3. Nc3 d5 4. Qd2 Bg7 5. Nf3 0-0 6. Bh6 Bg4 7. Ne5 Nc6 8. f3 Be6 9. 0-0-0 Nxe5 10. dxe5 Nd7 11. Bxg7 Kxg7 12. Nxd5 Nxe5 13. Qc3 f6 14. Nxf6 Qxd1+ 15. Kxd1 exf6 16. e4 Rad8+ 17. Kc1 Rf7 18. Be2 Rfd7 19. Rd1 Rxd1+ 20. Bxd1 Nc6 21. Be2 Nd4 22. Bd3 Rd7 23. b3 a6 24. Kb2 c6 25. Bc4 Kf7 26. f4 Ke7 27. Qb4+ Kf7 28. f5 Bxc4 29. Qxc4+ Kg7 30. c3 Nb5 31. a4 Rd2+ 32. Kc1 Rc2+ 33. Kd1 Rxc3 34. Qe6 Rd3+ 35. Ke1 Nd4 36. Qe7+ Kh6 37. Qxf6 Re3+ 38. Kd2 Rxe4 39. Kd3 Rf4 40. g3 Rxf5 41. Qh4+ Kg7 42. Kxd4 Rd5+ 43. Kc4 b5+ 44. axb5 axb5+ 45. Kb4 Rf5 46. Qd4+ Kg8 47. Qd6 c5+ 48. Kxb5 Kg7 1-0

[Event "North Island-ch"]
[Site "Wellington"]
[Date "2021.04.03"]
[Round "4"]
[White "Ning, Isabelle Yixuan"]
[Black "Qin, Oscar Shu Xuan"]
[Result "0-1"]
[WhiteElo "1808"]
[BlackElo "1670"]
[PlyCount "126"]
[EventDate "2021.04.02"]
[EventType "swiss"]
[EventRounds "8"]
[EventCountry "NZL"]
[SourceTitle "EXT 2024"]
[Source "ChessBase"]
[SourceDate "2023.10.10"]
[SourceVersion "1"]
[SourceVersionDate "2023.10.10"]
[SourceQuality "1"]

1. e4 d6 2. d4 Nf6 3. Nc3 g6 4. Bf4 Bg7 5. Qd2 Nc6 6. Nf3 Bg4 7. Be2 Bxf3 8. Bxf3 e5 9. dxe5 dxe5 10. Bg5 Qxd2+ 11. Bxd2 Nd4 12. 0-0-0 c6 13. Be3 Nd7 14. Bg4 Rd8 15. Rd2 0-0 16. Rhd1 Nb6 17. Kb1 Bf6 18. f4 Nc4 19. Rd3 Nxe3 20. Rxe3 exf4 21. Red3 Ne6 22. Bxe6 fxe6 23. Rd7 Rxd7 24. Rxd7 Bxc3 25. bxc3 Rf7 26. Rd6 Re7 27. Kc1 Kg7 28. Kd2 Kf6 29. g3 Ke5 30. Rd4 fxg3 31. hxg3 h5 32. Ke3 c5 33. Rd8 Kf6 34. Rf8+ Kg5 35. e5 Kg4 36. Rf6 g5 37. Rg6 Kf5 38. Rh6 Kxe5 39. Rxh5 Kf5 40. Rh8 Kg4 41. Rg8 Rf7 42. Ke2 Rh7 43. Rg6 Rh2+ 44. Kf1 Rxc2 45. Rxe6 Rxc3 46. Re7 Rc2 47. Rxb7 Rxa2 48. Rb5 c4 49. Rb4 Rc2 50. Ra4 Kf3 51. Ke1 Kxg3 52. Rxa7 g4 53. Rc7 c3 54. Kd1 Rd2+ 55. Ke1 Rd3 56. Ke2 Rf3 57. Rc4 Rf2+ 58. Kd3 c2 59. Ke3 Rg2 60. Rc8 Kh2 61. Rh8+ Kg1 62. Rc8 Rf2 63. Rc4 g3 0-1

[Event "North Island-ch"]
[Site "Wellington"]
[Date "2021.04.03"]
[Round "3"]
[White "Qin, Oscar Shu Xuan"]
[Black "Zhang, Kendrick Botong"]
[Result "1-0"]
[WhiteElo "1670"]
[BlackElo "1809"]
[PlyCount "87"]
[EventDate "2021.04.02"]
[EventType "swiss"]
[EventRounds "8"]
[EventCountry "NZL"]
[SourceTitle "EXT 2024"]
[Source "ChessBase"]
[SourceDate "2023.10.10"]
[SourceVersion "1"]
[SourceVersionDate "2023.10.10"]
[SourceQuality "1"]

1. e4 c5 2. Nf3 e6 3. d4 cxd4 4. Nxd4 Nc6 5. Nxc6 bxc6 6. Bd3 Nf6 7. 0-0 d5 8. exd5 cxd5 9. c4 Be7 10. Nc3 dxc4 11. Bxc4 0-0 12. Qf3 Bd7 13. Bf4 Qa5 14. Rfe1 Rac8 15. Bd3 Rfd8 16. Be5 Qb4 17. a3 Qg4 18. Qxg4 Nxg4 19. Bg3 Be8 20. Be2 Nf6 21. Red1 Rd7 22. Rxd7 Bxd7 23. Rd1 Bc6 24. Ba6 Re8 25. b4 Nh5 26. Be5 Bf6 27. Bxf6 Nxf6 28. Rd6 Bd7 29. f3 Kf8 30. Bb5 Ke7 31. Ra6 Rc8 32. Bxd7 Rxc3 33. Bc6 Kd8 34. b5 Nd5 35. Rxa7 Rc1+ 36. Kf2 Rc2+ 37. Kg3 Ne3 38. Be4 Rxg2+ 39. Kf4 Nc4 40. Bd3 Nb2 41. Ke3 Rxh2 42. Rxf7 Rh3 43. b6 Nxd3 44. b7 1-0

[Event "NZL-ch op 127th"]
[Site "Tauranga"]
[Date "2020.01.20"]
[Round "7"]
[White "He, Caleb"]
[Black "Qin, Oscar Shu Xuan"]
[Result "1/2-1/2"]
[WhiteElo "1626"]
[BlackElo "1623"]
[PlyCount "89"]
[EventDate "2020.01.14"]
[EventType "swiss"]
[EventRounds "9"]
[EventCountry "NZL"]
[SourceTitle "CBM 194 Extra"]
[Source "ChessBase"]
[SourceDate "2020.03.31"]
[SourceVersion "1"]
[SourceVersionDate "2020.03.31"]
[SourceQuality "1"]

1. e4 d6 2. d4 Nf6 3. Nc3 g6 4. Be2 Bg7 5. Nf3 a6 6. 0-0 b5 7. a3 Bb7 8. Re1 0-0 9. Bf1 Nc6 10. Bf4 Re8 11. Bg3 e5 12. dxe5 Nxe5 13. Nxe5 dxe5 14. f3 Nh5 15. Qxd8 Raxd8 16. Bf2 Rd7 17. Red1 Red8 18. Rxd7 Rxd7 19. Rd1 Rxd1 20. Nxd1 Nf4 21. Be3 Ne6 22. c3 c5 23. b4 c4 24. g3 Bf6 25. Kf2 Ng5 26. Ke2 Kf8 27. Nf2 h5 28. h4 Ne6 29. Nh3 Ke7 30. Ng5 Nxg5 31. hxg5 Bg7 32. Bh3 Kd6 33. Bc5+ Kc6 34. Be7 Kc7 35. Ke3 Bc8 36. Bg2 Be6 37. Ke2 Kd7 38. Bc5 Ke8 39. Kf2 Bf8 40. Bxf8 Kxf8 41. f4 exf4 42. gxf4 Ke7 43. e5 Kd7 44. Kg3 Kc7 45. Be4 1/2-1/2

[Event "Manawatu op rapid"]
[Site "Palmerston North"]
[Date "2018.01.06"]
[Round "6"]
[White "He, Paul"]
[Black "Qin, Oscar Shu Xuan"]
[Result "1-0"]
[WhiteElo "1159"]
[BlackElo "1440"]
[PlyCount "115"]
[EventDate "2018.01.05"]
[EventType "swiss (rapid)"]
[EventRounds "6"]
[EventCountry "NZL"]
[SourceTitle "EXT 2019"]
[Source "ChessBase"]
[SourceDate "2018.10.10"]
[SourceVersion "1"]
[SourceVersionDate "2018.10.10"]
[SourceQuality "1"]

1. Nf3 d5 2. c4 c6 3. b3 Nf6 4. Bb2 Bf5 5. d4 e6 6. Nbd2 Nbd7 7. g3 Bd6 8. c5 Be7 9. Bg2 0-0 10. 0-0 b6 11. cxb6 Qxb6 12. Nh4 Rfe8 13. Nxf5 exf5 14. Bh3 g6 15. Nf3 Bd6 16. e3 Ne4 17. Nd2 Ndf6 18. f3 Ng5 19. Bg2 Rxe3 20. f4 Nge4 21. Nxe4 fxe4 22. Qd2 Rd3 23. Qc2 Ng4 24. Qe2 Ne3 25. Rfe1 Bb4 26. Rec1 Nxg2 27. Qxg2 Rd2 28. Qf1 Rxb2 29. Rd1 Rd2 30. Rxd2 Bxd2 31. Qf2 Bc3 32. Rd1 Re8 33. Qe3 Bb4 34. Kg2 f5 35. h4 h5 36. Rh1 Qa5 37. a4 Bd2 38. Qe2 Qc3 39. Kh2 Qxd4 40. Rd1 e3 41. Rg1 Rb8 42. Qa6 e2 43. Qxe2 Qe3 44. Qa6 Qc5 45. Qe2 Be3 46. Re1 d4 47. Qa6 Qb6 48. Qc4+ Kg7 49. Qe6 Qxb3 50. Qe7+ Kg8 51. Qd6 Qa2+ 52. Kh3 Qb3 53. Qxg6+ Kf8 54. Qf6+ Kg8 55. Qg6+ Kf8 56. Qf6+ Kg8 57. Qg6+ Kh8 58. Qxh5+ 1-0

[Event "Manawatu op rapid"]
[Site "Palmerston North"]
[Date "2018.01.06"]
[Round "4"]
[White "Wang, Aaron Ziwen"]
[Black "Qin, Oscar Shu Xuan"]
[Result "1-0"]
[WhiteElo "1515"]
[BlackElo "1440"]
[PlyCount "57"]
[EventDate "2018.01.05"]
[EventType "swiss (rapid)"]
[EventRounds "6"]
[EventCountry "NZL"]
[SourceTitle "EXT 2019"]
[Source "ChessBase"]
[SourceDate "2018.10.10"]
[SourceVersion "1"]
[SourceVersionDate "2018.10.10"]
[SourceQuality "1"]

1. c4 e5 2. Nc3 Nc6 3. Nf3 f5 4. d4 e4 5. d5 exf3 6. dxc6 fxg2 7. cxd7+ Bxd7 8. Bxg2 c6 9. Bf4 Nf6 10. Qc2 Qa5 11. 0-0-0 0-0-0 12. Rd2 Bb4 13. a3 Bxc3 14. Qxc3 Qxc3+ 15. bxc3 Be6 16. c5 Rhe8 17. Rxd8+ Rxd8 18. Bd6 Bd5 19. Rg1 g6 20. Be7 Bxg2 21. Bxd8 Kxd8 22. Rxg2 Kd7 23. Rg1 Ke6 24. Rd1 Nd5 25. c4 Nc3 26. Rd6+ Ke7 27. f3 Nxe2+ 28. Kd2 Nd4 29. Rxd4 1-0

[Event "George Trundle Reserves"]
[Site "Auckland"]
[Date "2017.10.03"]
[Round "4"]
[White "Qin, Oscar Shu Xuan"]
[Black "Peak, Stephen"]
[Result "1/2-1/2"]
[WhiteElo "1415"]
[BlackElo "1670"]
[PlyCount "65"]
[EventDate "2017.09.30"]
[EventType "tourn"]
[EventRounds "9"]
[EventCountry "NZL"]
[SourceTitle "CBM 181 Extra"]
[Source "ChessBase"]
[SourceDate "2017.12.12"]
[SourceVersion "1"]
[SourceVersionDate "2017.12.12"]
[SourceQuality "1"]

1. e4 e5 2. Nf3 Nc6 3. d4 exd4 4. Nxd4 Bc5 5. Be3 Qf6 6. c3 Nge7 7. g3 d5 8. Bg2 dxe4 9. 0-0 Nxd4 10. cxd4 Bb6 11. Nc3 0-0 12. Nxe4 Qg6 13. f4 Nf5 14. Bf2 Nd6 15. Nxd6 Qxd6 16. Qd3 c6 17. Rfe1 Be6 18. a3 Rad8 19. Rad1 g6 20. Be4 f5 21. Bf3 Rfe8 22. Qc3 Bf7 23. Rxe8+ Rxe8 24. b4 Bd5 25. Bxd5+ Qxd5 26. Re1 Rxe1+ 27. Qxe1 Bxd4 28. Qe8+ Kg7 29. Qe7+ Kh6 30. Qg5+ Kg7 31. Qe7+ Kg8 32. Qe8+ Kg7 33. Qe1 1/2-1/2

[Event "George Trundle Reserves"]
[Site "Auckland"]
[Date "2017.10.02"]
[Round "3"]
[White "Braganza, Nadia"]
[Black "Qin, Oscar Shu Xuan"]
[Result "1/2-1/2"]
[WhiteElo "1517"]
[BlackElo "1415"]
[PlyCount "66"]
[EventDate "2017.09.30"]
[EventType "tourn"]
[EventRounds "9"]
[EventCountry "NZL"]
[SourceTitle "CBM 181 Extra"]
[Source "ChessBase"]
[SourceDate "2017.12.12"]
[SourceVersion "1"]
[SourceVersionDate "2017.12.12"]
[SourceQuality "1"]

1. e4 e5 2. Nf3 Nc6 3. Bc4 Bc5 4. 0-0 Nf6 5. d3 d6 6. c3 0-0 7. a4 a6 8. Bg5 Be6 9. Nbd2 h6 10. Bh4 Qe7 11. a5 Kh8 12. Bxf6 Qxf6 13. Bxe6 fxe6 14. Nb3 Ba7 15. d4 exd4 16. Nbxd4 Nxd4 17. Nxd4 Qg6 18. Qe2 Rf4 19. Rae1 Raf8 20. Qc4 Bxd4 21. Qxd4 Rg4 22. g3 Rff4 23. Qa7 Qg5 24. Qxb7 Qxa5 25. Qc8+ Kh7 26. Qxe6 Qe5 27. Qxe5 dxe5 28. f3 Rg6 29. Kf2 Rff6 30. Ke3 Rb6 31. Rb1 Kg8 32. f4 exf4+ 33. gxf4 Rg2 1/2-1/2

[Event "Auckland ANZAC op"]
[Site "Auckland"]
[Date "2017.04.22"]
[Round "1"]
[White "Qin, Oscar Shu Xuan"]
[Black "Gong, Daniel Hanwen"]
[Result "0-1"]
[WhiteElo "1495"]
[BlackElo "2295"]
[PlyCount "72"]
[EventDate "2017.04.22"]
[EventType "swiss"]
[EventRounds "6"]
[EventCountry "NZL"]
[SourceTitle "CBM 178 Extra"]
[Source "ChessBase"]
[SourceDate "2017.06.22"]
[SourceVersion "1"]
[SourceVersionDate "2017.06.22"]
[SourceQuality "1"]

1. e4 c5 2. Nf3 e6 3. d4 cxd4 4. Nxd4 a6 5. Bd3 Nf6 6. 0-0 Qc7 7. c4 Nc6 8. Nxc6 dxc6 9. Nc3 e5 10. Bg5 Bc5 11. h3 Be6 12. Qe2 h6 13. Be3 Nd7 14. Na4 Bxe3 15. Qxe3 b6 16. b4 0-0 17. a3 Rfd8 18. Rad1 a5 19. Nc3 axb4 20. axb4 Ra3 21. Be2 Rda8 22. Rb1 Qb7 23. Rfc1 Nf8 24. Bd3 Bd7 25. Qg3 Qb8 26. Be2 Ne6 27. Bg4 Nd4 28. Bf3 Be6 29. Kf1 Bxc4+ 30. Ke1 b5 31. Ne2 Nxe2 32. Bxe2 Rxg3 33. fxg3 Bxe2 34. Kxe2 Ra2+ 35. Kf3 Qd6 36. g4 Qd3# 0-1

[Event "Auckland Anniversary op"]
[Site "Auckland"]
[Date "2017.01.29"]
[Round "4"]
[White "Qin, Oscar Shu Xuan"]
[Black "Mcougall, Euan"]
[Result "1-0"]
[WhiteElo "1375"]
[BlackElo "1343"]
[PlyCount "127"]
[EventDate "2017.01.27"]
[EventType "swiss"]
[EventRounds "7"]
[EventCountry "NZL"]
[SourceTitle "EXT 2018"]
[Source "ChessBase"]
[SourceDate "2017.10.13"]
[SourceVersion "1"]
[SourceVersionDate "2017.10.13"]
[SourceQuality "1"]

1. e4 e5 2. Nf3 Nc6 3. d4 exd4 4. Nxd4 Nxd4 5. Qxd4 Qf6 6. e5 Qb6 7. Qxb6 axb6 8. Bd3 d6 9. exd6 Bxd6 10. Be3 Ne7 11. Nc3 Bd7 12. 0-0 0-0 13. Rad1 Bc6 14. a3 Be5 15. Bd2 Nd5 16. Nxd5 Bxd5 17. c3 Bd6 18. Be3 Rfe8 19. Bxh7+ Kxh7 20. Rxd5 Ra4 21. Bxb6 Bxh2+ 22. Kxh2 cxb6 23. Rb5 Ra6 24. Kg3 Re2 25. Kf3 Rd2 26. Ke3 Rd7 27. Rh1+ Kg6 28. Rh4 f6 29. Rhb4 Rd6 30. f4 f5 31. Kf3 Kf6 32. Rd4 Rxd4 33. cxd4 g6 34. g4 Ke6 35. gxf5+ gxf5 36. d5+ Kd6 37. Ke3 Ra4 38. Rxb6+ Kxd5 39. Rxb7 Re4+ 40. Kf3 Kc5 41. Rf7 Re1 42. Rxf5+ Kc4 43. b4 Rf1+ 44. Ke2 Ra1 45. Ra5 Ra2+ 46. Ke3 Ra1 47. f5 Rf1 48. Ke4 Re1+ 49. Kf4 Re8 50. f6 Kd4 51. Kg5 Rg8+ 52. Kh6 Kc4 53. f7 Rf8 54. Kg7 Rb8 55. f8Q Rxf8 56. Kxf8 Kd4 57. Rc5 Ke4 58. a4 Kf4 59. a5 Kg3 60. a6 Kh2 61. a7 Kg1 62. Rc2 Kf1 63. a8Q Ke1 64. Qh1# 1-0

[Event "Auckland Anniversary op"]
[Site "Auckland"]
[Date "2017.01.28"]
[Round "2"]
[White "Wang, Aaron Ziwen"]
[Black "Qin, Oscar Shu Xuan"]
[Result "0-1"]
[WhiteElo "1598"]
[BlackElo "1375"]
[PlyCount "168"]
[EventDate "2017.01.27"]
[EventType "swiss"]
[EventRounds "7"]
[EventCountry "NZL"]
[SourceTitle "EXT 2018"]
[Source "ChessBase"]
[SourceDate "2017.10.13"]
[SourceVersion "1"]
[SourceVersionDate "2017.10.13"]
[SourceQuality "1"]

1. c4 e6 2. Nc3 Nf6 3. Nf3 d5 4. cxd5 exd5 5. d4 c6 6. g3 Bd6 7. Bg2 h6 8. 0-0 Nbd7 9. Re1 0-0 10. e4 dxe4 11. Nxe4 Nxe4 12. Rxe4 Nf6 13. Re2 Bg4 14. Qb3 Rb8 15. h3 Bxf3 16. Qxf3 Bc7 17. Be3 Qd6 18. Bf4 Qd8 19. Be3 Re8 20. Rae1 Rc8 21. Qf5 Bb6 22. Qd3 Qd7 23. Rd1 Rcd8 24. Qc3 Nd5 25. Qc4 Nxe3 26. fxe3 Qd6 27. Kh2 Bc7 28. Rf2 Qxg3+ 29. Kg1 Qg6 30. d5 Bb6 31. Kh1 Rxe3 32. Qg4 Rg3 33. Qxg6 Rxg6 34. Rf5 Rgd6 35. Rdf1 f6 36. Rd1 g6 37. Rf4 cxd5 38. Rg4 Kh7 39. Rg3 R8d7 40. Bf1 d4 41. Bd3 f5 42. h4 Rd5 43. Rf1 Rf7 44. Rfg1 Rf6 45. Rf3 Re5 46. Rg2 Re3 47. Rfg3 Re1+ 48. Rg1 Rxg1+ 49. Rxg1 h5 50. Kg2 Re6 51. Kf2 Re3 52. Rg3 Kg7 53. Rxe3 dxe3+ 54. Kf3 Kf7 55. Be2 Bd4 56. b3 a6 57. a3 a5 58. a4 b6 59. Bc4+ Kf6 60. Kf4 Bc5 61. Be2 Bd6+ 62. Kxe3 f4+ 63. Kf3 g5 64. hxg5+ Kxg5 65. Bf1 h4 66. Bh3 Bb4 67. Bd7 Be1 68. Bh3 Bg3 69. Bd7 Kf6 70. Bh3 Ke5 71. Bd7 Kd4 72. Bh3 Kc3 73. Be6 Kb4 74. Ke2 Kc3 75. Kf3 Kb4 76. Ke2 b5 77. axb5 Kxb5 78. Kf3 Kb4 79. Ke2 h3 80. Kf3 h2 81. Kg2 f3+ 82. Kh1 f2 83. Bc4 Kc3 84. Kg2 a4 0-1

[Event "Oceania zt 3.6"]
[Site "Auckland"]
[Date "2017.01.17"]
[Round "5"]
[White "Qin, Oscar Shu Xuan"]
[Black "Shen, Kevin"]
[Result "0-1"]
[WhiteElo "1375"]
[BlackElo "1672"]
[PlyCount "78"]
[EventDate "2017.01.14"]
[EventType "swiss"]
[EventRounds "9"]
[EventCountry "NZL"]
[SourceTitle "EXT 2018"]
[Source "ChessBase"]
[SourceDate "2017.10.13"]
[SourceVersion "1"]
[SourceVersionDate "2017.10.13"]
[SourceQuality "1"]

1. e4 c6 2. d4 d5 3. e5 Bf5 4. Nc3 e6 5. g4 Bg6 6. Nge2 c5 7. Be3 cxd4 8. Bxd4 Nc6 9. Nf4 a6 10. Nxg6 hxg6 11. h3 Qc7 12. f4 Nge7 13. Bg2 Nxd4 14. Qxd4 Nc6 15. Qg1 Bb4 16. Ke2 Bxc3 17. bxc3 Na5 18. Qd4 Rc8 19. Kd2 Nc4+ 20. Kd3 Qa5 21. Rhb1 Rc7 22. Rb3 0-0 23. Rab1 Qxa2 24. Rxb7 Rxb7 25. Rxb7 Qa1 26. Ke2 Qc1 27. Qd3 Qxf4 28. Qd4 Qc1 29. Qd3 Nxe5 30. Qd2 Qg1 31. Bf1 Nc4 32. Qf4 Qc5 33. Rb1 a5 34. h4 e5 35. Qf2 Qa3 36. Rb3 Qc1 37. Kd3 Nb2+ 38. Ke2 Qxc2+ 39. Kf3 Qxb3 0-1

[Event "Oceania zt 3.6"]
[Site "Auckland"]
[Date "2017.01.15"]
[Round "2"]
[White "Lane, Ryan"]
[Black "Qin, Oscar Shu Xuan"]
[Result "0-1"]
[WhiteElo "1793"]
[BlackElo "1375"]
[PlyCount "116"]
[EventDate "2017.01.14"]
[EventType "swiss"]
[EventRounds "9"]
[EventCountry "NZL"]
[SourceTitle "EXT 2018"]
[Source "ChessBase"]
[SourceDate "2017.10.13"]
[SourceVersion "1"]
[SourceVersionDate "2017.10.13"]
[SourceQuality "1"]

1. e4 e5 2. Nf3 Nc6 3. d4 exd4 4. Nxd4 Nf6 5. Nc3 Bb4 6. Nxc6 bxc6 7. Bd3 d5 8. exd5 cxd5 9. 0-0 0-0 10. Bg5 c6 11. Qf3 Bd6 12. h3 Be6 13. Ne2 Be5 14. c3 h6 15. Bh4 Rb8 16. Rab1 Qc7 17. Qe3 Nd7 18. f4 Bf6 19. Qg3 Bxh4 20. Qxh4 Nf6 21. Rf3 Kh8 22. Rg3 Rg8 23. Nd4 Qc8 24. b3 a6 25. Re1 c5 26. Nxe6 fxe6 27. Rg6 Nh7 28. Qe7 Rb7 29. Rxh6 gxh6 30. Qh4 Rbg7 31. g4 Qd8 32. Qxh6 Re8 33. Qh5 Kg8 34. Bg6 Ree7 35. Re5 d4 36. cxd4 cxd4 37. Bd3 Nf6 38. Qh4 Nd5 39. Re4 Nb4 40. Bc4 Qd6 41. f5 Rh7 42. Qg5+ Reg7 43. Bxe6+ Kh8 44. Qc1 Qg3+ 45. Kf1 Qf3+ 46. Kg1 Rxh3 47. Qc8+ Kh7 48. Bg8+ Rxg8 49. Re7+ Rg7 50. Rxg7+ Kxg7 51. Qd7+ Kh6 52. Qe6+ Kg5 53. Qe7+ Kxg4 54. Qg7+ Kxf5 55. Qf7+ Ke4 56. Qe6+ Kd3 57. Qc4+ Kd2 58. Qxd4+ Nd3 0-1